Paroles - Ma préférence - Julien Clerc - Statistiques

Statistiques générales
  • Ce quiz a été pris 502 fois
  • Le résultat moyen est 146 sur 176
Statistiques - réponses
Paroles % Correct
à
100%
a
100%
Ma
100%
ma
100%
moi
100%
Moi
100%
préférence
100%
Sa
99%
sa
99%
de
98%
De
98%
elle
98%
Elle
98%
Je
98%
je
98%
le
98%
Le
98%
sais
98%
est
97%
Mais
96%
Vous
96%
vous
96%
d'être
94%
façon
94%
Par
93%
déplaît
92%
se
91%
et
89%
Et
89%
parfois
88%
que
84%
fait
83%
quand
80%
silence
77%
Ce
76%
me
76%
ne
76%
Ses
74%
d'elle
71%
Oui
70%
qu'elle
69%
froid
65%
défaillance
64%
hasard
64%
mon
64%
qui
64%
seul
63%
Autour
61%
mes
61%
chance
60%
souvent
60%
aime
59%
J'aime
59%
j'aime
59%
l'imparfait
59%
offense
59%
pas
59%
solitude
59%
regardent
58%
incertitude
57%
regards
57%
amis
56%
faïence
55%
Il
55%
On
55%
parlez
55%
Parmi
54%
défense
51%
croit
49%
fidèle
49%
Cet
48%
air
47%
croire
46%
faut
45%
déjà
44%
d'indifférence
44%
Aucun quiz correspondant
Distribution des résultats
% des personnes avec chaque résultat
Percentile par nombre de réponses
Votre historique - résultats
Vous n’avez pas pris ce quiz